| 000 | 00000nam##2200000za#4500 |
| 001 | 9.566231 |
| 003 | CaOODSP |
| 005 | 20210624180205 |
| 007 | cr ||||||||||| |
| 008 | 150406|2003||||xxc|||||o f|0| 0 eng|d |
| 040 | |aCaOODSP|beng |
| 043 | |an-cn--- |
| 086 | 1 |aTU3-5/03-7E-PDF |
| 110 | 2 |aTransportation Safety Board of Canada. |
| 245 | 10|aLoss of control and collision with terrain - ComputaPlane Ltd. Cessna 210N, N104WF, Goose Bay, Newfoundland and Labrador, 5 nm E, 14 February 2003 |h[electronic resource] |
| 260 | |aGatineau - Quebec : |bTransportation Safety Board of Canada |c[2003]. |
| 300 | |a8p.|billus. |
| 490 | 1 |aAviation investigation report |vA03A0022 |
| 590 | |a10-05-Supp|b2010-07-20 |
| 775 | 08|tPerte de contrôle et collision avec le relief du Cessna 210N N104WF exploité par ComputaPlane Ltd. à 5 nm à l'est de Goose Bay (Terre-Neuve-et-Labrador), le 14 février 2003 |w(CaOODSP)9.597700 |
| 830 | #0|aAviation investigation report ;|vA03A0022|w(CaOODSP)9.504825 |
| 856 | 40|ahttp://publications.gc.ca|qPDF|s179 KB|uhttps://publications.gc.ca/collections/collection_2009/bst-tsb/TU3-5-03-7E.pdf|yA03A0022 |